Devinez le Pays Mystère #50 - Statistiques

Statistiques générales
  • Ce quiz a été pris 485 fois
    473 depuis la dernière actualisation
  • Le résultat moyen est 14 sur 17
Statistiques - réponses
Type de Réponse Réponse % Correct
Lettre Trouvée E
97%
Lettre Bien Placée E
95%
Lettre Trouvée I
95%
Lettre Trouvée A
94%
Lettre Trouvée M
87%
Lettre Trouvée N
86%
Lettre Trouvée O
86%
Lettre Trouvée U
86%
Lettre Bien Placée I
84%
Lettre Bien Placée O
82%
Lettre Trouvée R
82%
Lettre Bien Placée A
81%
Lettre Bien Placée N
75%
Lettre Bien Placée M
68%
Lettre Bien Placée U
67%
Lettre Bien Placée R
65%
Pays Mystère Roumanie
65%
Aucun quiz correspondant
Distribution des résultats
% des personnes avec chaque résultat
Percentile par nombre de réponses
Votre historique - résultats
Vous n’avez pas pris ce quiz depuis la dernière actualisation